Rukmini haran Naat (Record no. 2659)

MARC details
000 -LEADER
fixed length control field 00444cam a2200193ua 4500
001 - CONTROL NUMBER
control field 2812
005 - DATE AND TIME OF LATEST TRANSACTION
control field 20260515113558.0
008 - FIXED-LENGTH DATA ELEMENTS--GENERAL INFORMATION
fixed length control field 110908n ii |||gr||||Z||||||asm
040 ## - CATALOGING SOURCE
Transcribing agency MAIN
082 ## - DEWEY DECIMAL CLASSIFICATION NUMBER
Classification number 891.4512
100 1# - MAIN ENTRY--PERSONAL NAME
Relator term Author.
245 11 - TITLE STATEMENT
Title Rukmini haran Naat
Statement of responsibility, etc. by
250 ## - EDITION STATEMENT
Edition statement 4th.
260 ## - PUBLICATION, DISTRIBUTION, ETC.
Place of publication, distribution, etc. Guahati:
Name of publisher, distributor, etc. Lawyers book stall,962.
300 ## - PHYSICAL DESCRIPTION
Extent 68p:
Dimensions 23cm.
653 ## - INDEX TERM--UNCONTROLLED
Uncontrolled term Assamese drama
653 ## - INDEX TERM--UNCONTROLLED
Uncontrolled term Rukmini haran Naat
942 ## - ADDED ENTRY ELEMENTS (KOHA)
Koha item type Books
Holdings
Withdrawn status Lost status Damaged status Not for loan Home library Current library Shelving location Date acquired Total checkouts Full call number Barcode Date last seen Date last checked out Copy number Price effective from Koha item type
        Naharkatiya College Library Naharkatiya College Library General stacks 09/19/2020 1 891.4512 7443 09/02/2024 08/28/2024 1 09/19/2020 Books